000
00298nam a22001337a 4500
008
170831b xxu||||| |||| 00| 0 eng d
020
_a
0534551971
041
_a
eng
080
_2
2ND
_a
070
100
_a
40
101
_a
MED
245
_a
CONFIDENT PUBLIC SPEAKING
_c
SELLNOW,D.D
942
_2
udc
_c
BK
999
_c
25853
_d
25853